| 000 | 01493nam a22002297a 4500 | ||
|---|---|---|---|
| 005 | 20240724233243.0 | ||
| 008 | s2552 th tha d | ||
| 041 | _atha | ||
| 050 | _aQK86.T5 ส936ค 2552 | ||
| 100 | 0 | _aดวงพร เปรมจิตร | |
| 245 | 1 | 0 | _aโครงการอนุรักษ์พันธุกรรมพืชอันเนื่องมาจากพระราชดำริสมเด็จพระเทพรัตนราชสุดาฯ สยามบรมราชกุมารี พื้นที่มหาวิทยาลัยนเรศวร พะเยา อำเภอเมือง จังหวัดพะเยา ปีที่ 2 |
| 260 | 3 |
_aพะเยา : _bมหาวิทยาลัยนเรศวร, _c2552 |
|
| 300 |
_a804 หน้า : _b ภาพประกอบ, ตาราง ; _c 29 ซม. |
||
| 650 | 0 | 4 | _aมหาวิทยาลัยนเรศวร -- โครงการอนุรักษ์พันธุกรรมพืช |
| 650 | 0 | 4 | _aพันธุกรรมพืช |
| 650 | 0 | 4 | _aโครงการอนุรักษ์พันธุกรรมพืช -- ไทย -- พะเยา |
| 850 | _aNALT | ||
| 942 |
_cRSH _01 |
||
| 997 | _aบ 23235 | ||
| 997 | _c000000000061858 | ||
| 998 | _aนางสาวชัชฎา จูฑะรักษ์ | ||
| 999 |
_c61858 _d61858 |
||